00472nam a2200169 a 45000010005000000030005000050050017000100080041000270200015000680400020000831000026001032450090001292600030002193000010002494900027002596500016002862692CDMR20131029172218.0130130s1999||||||||||||||||||||||||||||d a8473065492 aCDMRbcatcCDMR1 aSan Agustín, Arturo10aM'agrada que em faci aquesta preguntab: l'entrevista en premsacArturo San Agustín aBarcelonac1999bPòrtic a89 p.0 aEines de Periodistav204aEntrevistes